[Event "GER-chT U20"]
[Site "Magdeburg"]
[Date "2023.12.27"]
[Round "2.7"]
[White "Finck, Jonathan"]
[Black "Schoenherr, Stijn"]
[Result "1-0"]
[WhiteElo "1520"]
[BlackElo "1295"]
[PlyCount "57"]
[EventDate "2023.12.26"]
[EventType "team-swiss"]
[EventRounds "7"]
[EventCountry "GER"]
[SourceTitle "CB03_2024"]
[SourceDate "2024.01.17"]
[SourceVersion "1"]
[SourceVersionDate "2024.01.17"]
[SourceQuality "1"]
[WhiteTeam "Chemnitz USG"]
[BlackTeam "Magdeburg USC"]
[WhiteTeamCountry "GER"]
[BlackTeamCountry "GER"]

1. e4 e6 2. d4 d5 3. exd5 exd5 4. c4 Nf6 5. Nf3 Bg4 6. cxd5 Nxd5 7. Bc4 Bb4+ 8. Bd2 Bxd2+ 9. Nbxd2 0-0 10. 0-0 Nc6 11. Qb3 Bxf3 12. Nxf3 Nf6 13. Qxb7 Nxd4 14. Rad1 Nxf3+ 15. Qxf3 Qe7 16. Rfe1 Qc5 17. b3 h6 18. h3 a5 19. Qc3 Qf5 20. Re5 Qc8 21. Re7 c5 22. Rd3 Qf5 23. Rf3 Qb1+ 24. Kh2 Qxa2 25. Rxf6 gxf6 26. Qxf6 Qb1 27. Bxf7+ Rxf7 28. Qxf7+ Kh8 29. Qg7# 1-0